CSGO Major winners and runner up lineups - Statistics

General Stats
  • This quiz has been taken 135 times
  • The average score is 78 of 110
Answer Stats
Answer % Correct
Faze
91%
Astralis
89%
Cloud9
87%
dupreeh
87%
karrigan
87%
Navi
87%
NIP
87%
Outsiders
87%
rain
87%
Twistzz
87%
Virtus Pro
87%
dev1ce
85%
electronic
85%
fame
85%
Fnatic
85%
G2
85%
Gambit
85%
Jame
85%
Magisk
85%
s1mple
85%
SK
85%
Stewie2k
85%
b1t
83%
broky
83%
coldzera
83%
FalleN
83%
gla1ve
83%
Heroic
83%
kennyS
83%
Liquid
83%
Luminosity
83%
Perfecto
83%
ropz
83%
TaZ
83%
apEX
81%
Envyus
81%
Xyp9x
81%
Boombl4
79%
FL1T
79%
HObbit
79%
LDLC
79%
NEO
79%
pashaBiceps
79%
Snax
79%
Zeus
79%
fer
77%
GeT_RiGht
77%
Happy
77%
olofmeister
77%
qikert
77%
byali
74%
fnx
74%
NiKo
74%
shox
74%
Skadoodle
74%
tarik
74%
Xizt
74%
AdreN
72%
autimatic
72%
AVANGAR
72%
cadiaN
72%
f0rest
72%
flusha
72%
friberg
72%
GuardiaN
72%
NBK
72%
TACO
72%
ENCE
70%
huNter
70%
Jabbi
70%
JW
70%
kioShiMa
70%
KRIMZ
70%
mou
70%
Dosia
68%
EliGE
68%
Kjaerbye
68%
pronax
68%
TeSeS
68%
Immortals
66%
sjuush
66%
stavn
66%
nexa
64%
Aleksib
62%
Fifflaren
62%
flamie
62%
JACKZ
62%
n0rb3r7
62%
RUSH
62%
SMITHZZ
62%
AMANEK
60%
Devilwalk
60%
nitr0
60%
allu
57%
Edward
55%
Hiko
53%
boltz
49%
buster
49%
HEN1
49%
schneider
47%
xseveN
47%
Aerial
45%
LUCAS1
45%
seized
45%
sergej
43%
SANJI
38%
kNg
34%
jdm64
32%
Maikelele
32%
steel
28%
No matching quizzes found
Score Distribution
Percent of People with Each Score
Percentile by Number Answered
Your Score History
You have not taken this quiz